<?xml version="1.0" encoding="UTF-8"?>
<record
    xmlns:xsi="http://www.w3.org/2001/XMLSchema-instance"
    xsi:schemaLocation="http://www.loc.gov/MARC21/slim http://www.loc.gov/standards/marcxml/schema/MARC21slim.xsd"
    xmlns="http://www.loc.gov/MARC21/slim">

  <leader>00961nam a2200277 a 4500</leader>
  <datafield tag="999" ind1=" " ind2=" ">
    <subfield code="c">579</subfield>
    <subfield code="d">579</subfield>
  </datafield>
  <controlfield tag="001">2885460</controlfield>
  <controlfield tag="003">OSt</controlfield>
  <controlfield tag="005">20170207125438.0</controlfield>
  <controlfield tag="008">890324s1982    nr       b    000 0 eng  </controlfield>
  <datafield tag="010" ind1=" " ind2=" ">
    <subfield code="a">   86158867 </subfield>
  </datafield>
  <datafield tag="020" ind1=" " ind2=" ">
    <subfield code="a">9782276987</subfield>
  </datafield>
  <datafield tag="040" ind1=" " ind2=" ">
    <subfield code="a">DLC</subfield>
    <subfield code="c">state House Library,Abuja.</subfield>
    <subfield code="d">State Hoiuse Library,Abuja.</subfield>
  </datafield>
  <datafield tag="043" ind1=" " ind2=" ">
    <subfield code="a">e-sw---</subfield>
    <subfield code="a">f------</subfield>
  </datafield>
  <datafield tag="050" ind1="0" ind2="0">
    <subfield code="a">HC60</subfield>
    <subfield code="b">.J53 1982</subfield>
  </datafield>
  <datafield tag="082" ind1="0" ind2="0">
    <subfield code="a">338.91/485/06</subfield>
    <subfield code="2">19</subfield>
  </datafield>
  <datafield tag="100" ind1="1" ind2=" ">
    <subfield code="a">Jinadu, Adele.</subfield>
  </datafield>
  <datafield tag="245" ind1="1" ind2="0">
    <subfield code="a">Idealism and pragmatism as aspects of Sweden's development policy in Africa /</subfield>
    <subfield code="c">L. Adele Jinadu.</subfield>
  </datafield>
  <datafield tag="260" ind1=" " ind2=" ">
    <subfield code="a">Lagos :</subfield>
    <subfield code="b">Nigerian Institute of International Affairs,</subfield>
    <subfield code="c">[1982?]</subfield>
  </datafield>
  <datafield tag="300" ind1=" " ind2=" ">
    <subfield code="a">107 p. ;</subfield>
    <subfield code="c">21 cm.</subfield>
  </datafield>
  <datafield tag="490" ind1="1" ind2=" ">
    <subfield code="a">Monograph series / Nigerian Institute of International Affairs,</subfield>
    <subfield code="x">0331-6254</subfield>
  </datafield>
  <datafield tag="504" ind1=" " ind2=" ">
    <subfield code="a">Bibliography: p. 80-86.</subfield>
  </datafield>
  <datafield tag="650" ind1=" " ind2="0">
    <subfield code="a">Economic assistance, Swedish</subfield>
    <subfield code="z">Africa.</subfield>
  </datafield>
  <datafield tag="830" ind1=" " ind2="0">
    <subfield code="a">NIIA monograph series.</subfield>
  </datafield>
  <datafield tag="906" ind1=" " ind2=" ">
    <subfield code="a">7</subfield>
    <subfield code="b">cbc</subfield>
    <subfield code="c">orignew</subfield>
    <subfield code="d">3</subfield>
    <subfield code="e">ncip</subfield>
    <subfield code="f">19</subfield>
    <subfield code="g">y-gencatlg</subfield>
  </datafield>
  <datafield tag="942" ind1=" " ind2=" ">
    <subfield code="2">ddc</subfield>
    <subfield code="c">BK</subfield>
  </datafield>
  <datafield tag="952" ind1=" " ind2=" ">
    <subfield code="0">0</subfield>
    <subfield code="1">0</subfield>
    <subfield code="2">ddc</subfield>
    <subfield code="3">Bound Volume</subfield>
    <subfield code="4">0</subfield>
    <subfield code="6">338_910000000000000_485_06</subfield>
    <subfield code="7">0</subfield>
    <subfield code="8">NFIC</subfield>
    <subfield code="9">758</subfield>
    <subfield code="a">01</subfield>
    <subfield code="b">01</subfield>
    <subfield code="c">GEN</subfield>
    <subfield code="d">2017-02-07</subfield>
    <subfield code="e">purchased</subfield>
    <subfield code="o">338.91/485/06</subfield>
    <subfield code="p">1409</subfield>
    <subfield code="r">2017-02-07</subfield>
    <subfield code="w">2017-02-07</subfield>
    <subfield code="y">BK</subfield>
  </datafield>
</record>
